00947nam a2200253 i 450000100060000000300090000600500170001500700030003200800410003502000140007608000090009008000120009910000310011124501120014226000990025430000210035349000390037465000300041370000310044383000470047485200330052199900170055495201220057120124ES-MaACL20250816062544.0t|021129s2002 sp ||||1| spa d a84-1189-6 a7.01 a111.8521 aJauss, Hans Robert.96620010aPequeña apología de la experiencia estética / c[traducción e] introducción de Daniel Innerarity. aBarcelona : bPaidós Ibérica : bI.C.E de la Universidad Autónoma de Barcelona, c[2002] a95 p. ; c20 cm.1 aPensamiento contemporáneo ; v67 7aEstética2embne91423871 aInnerarity, Daniel.9653240 aPensamiento contemporáneo ; v679179725 aES-MaACLjL-26059 bR.131883 c20124d20124 00104070aATENEOMbATENEOMcDEPO2d2008-01-17eSCl0oL-26059p1020625r2023-02-23 00:00:00w2023-02-23yMONOGRAFIA